000 00781nam a2200217 a 4500
001 000010267
005 20240412074216.0
008 091006nuuuuuuuudr r 000 p spa d
020 _a9945850032
040 _aDO-SdBNP
_bspa
_cBNPHU
082 _aRD861.44
_bJ58es
100 1 _aJesús Reinoso, José Antonio de
_d1967-
_jAnthony
_925283
245 1 3 _aLa esencia del amor :
_b¡en peligro de extinción? (obra poética) /
_cJosé Antonio de Jesús Reinoso.
260 _aSanto Domingo :
_bGrafimundo,
_c[200?].
300 _a147 p. ;
_c22 cm.
500 _aIncluye datos biográficos del autor en la contracubierta
590 _aInventariado, 2018/BT
650 0 _aPoesía dominicana
_966
650 0 _aLiteratura dominicana.
_967
910 _aValidado. Control de calidad. MMOLINA
999 _c10026
_d10026